Túp lều bác Tom

Spremljeno u:
Bibliografski detalji
Glavni autor: Stowe, Harriet Beecher 1811-1896
Daljnji autori: Đỗ, Đức Hiền (Dịch)
Format: Knjiga
Jezik:Vietnamese
Izdano: Hà Nội Văn Học 2016
Serija:Classic Book Collection
Teme:
Oznake: Dodaj oznaku
Bez oznaka, Budi prvi tko označuje ovaj zapis!
Thư viện lưu trữ: Trung tâm Học liệu Lê Vũ Hùng, Trường Đại học Đồng Tháp
LEADER 00994aam a22003258a 4500
001 00035830
005 20171026081025.0
008 170103s2016 ||||||viesd
020 # # |c 85000  |a 9786046918448 
041 0 # |a vie 
082 1 4 |a 813  |b T521L 
100 1 # |a Stowe, Harriet Beecher  |d 1811-1896 
245 1 0 |a Túp lều bác Tom  |c Harriet Beecher Stowe; Đỗ Đức Hiển (dịch) 
260 # # |a Hà Nội  |b Văn Học  |c 2016 
300 # # |a 453 tr.  |b 21 cm.  |c 21cm. 
490 # # |a Classic Book Collection 
653 # # |a Thế kỷ 19 
653 # # |a Văn học trung đại 
653 # # |a Văn học Mỹ 
653 # # |a Tiểu thuyết 
700 1 # |a Đỗ, Đức Hiền  |e Dịch 
852 # # |j KD.0017609  |j KM.0020277 
852 # # |b Kho đọc  |j KD.0017609 
852 # # |b Kho mượn  |j KM.0020277 
910 |d 03/01/2017 
980 # # |a Trung tâm Học liệu Lê Vũ Hùng, Trường Đại học Đồng Tháp